000 00690nam a2200289Ia 4500
005 20260324134728.0
008 008 260324s9999 xx 000 0 eng d
020 _a9781410606167
037 _aEBOOK
040 _aCRL
040 _beng
040 _cCRL
041 _2eng
041 _aeng
084 _qCRL
100 _aMarla Morris
_91142620
245 0 _aCurriculum and the Holocaust
245 0 _bCompeting Sites of Memory and Representation
260 _bTaylor and Francis
260 _c2001
365 _a
365 _b230
856 _uhttp://www.taylorfrancis.com/books/9781410606167
942 _cEBOOK
999 _c1798303
_d1798303